<?xml version="1.0" encoding="UTF-8"?>
<record
    xmlns:xsi="http://www.w3.org/2001/XMLSchema-instance"
    xsi:schemaLocation="http://www.loc.gov/MARC21/slim http://www.loc.gov/standards/marcxml/schema/MARC21slim.xsd"
    xmlns="http://www.loc.gov/MARC21/slim">

  <leader>00367nam a2200157Ia 4500</leader>
  <controlfield tag="008">191201s2008    xx            000 0 und d</controlfield>
  <datafield tag="020" ind1=" " ind2=" ">
    <subfield code="a">9788120304178</subfield>
  </datafield>
  <datafield tag="082" ind1=" " ind2=" ">
    <subfield code="a">005.131</subfield>
    <subfield code="b">MAD</subfield>
  </datafield>
  <datafield tag="100" ind1=" " ind2=" ">
    <subfield code="a">MORRISMANO, M. </subfield>
  </datafield>
  <datafield tag="245" ind1=" " ind2="0">
    <subfield code="a">Digital Logic and Computer Design</subfield>
  </datafield>
  <datafield tag="250" ind1=" " ind2=" ">
    <subfield code="a">Rep.</subfield>
  </datafield>
  <datafield tag="260" ind1=" " ind2=" ">
    <subfield code="a">N.Delhi</subfield>
    <subfield code="b">PHI</subfield>
    <subfield code="c">2008</subfield>
  </datafield>
  <datafield tag="300" ind1=" " ind2=" ">
    <subfield code="a">612</subfield>
  </datafield>
  <datafield tag="650" ind1=" " ind2=" ">
    <subfield code="a">MCA</subfield>
  </datafield>
  <datafield tag="942" ind1=" " ind2=" ">
    <subfield code="2">ddc</subfield>
    <subfield code="c">BK</subfield>
  </datafield>
  <datafield tag="999" ind1=" " ind2=" ">
    <subfield code="c">3658</subfield>
    <subfield code="d">3658</subfield>
  </datafield>
  <datafield tag="952" ind1=" " ind2=" ">
    <subfield code="0">0</subfield>
    <subfield code="1">0</subfield>
    <subfield code="2">ddc</subfield>
    <subfield code="4">0</subfield>
    <subfield code="7">0</subfield>
    <subfield code="8">MCA</subfield>
    <subfield code="a">PIET</subfield>
    <subfield code="b">PIET</subfield>
    <subfield code="d">2008-12-19</subfield>
    <subfield code="e">J B C, New Delhi</subfield>
    <subfield code="g">250.00</subfield>
    <subfield code="k">SI-4643</subfield>
    <subfield code="l">0</subfield>
    <subfield code="o">621.395 MAD</subfield>
    <subfield code="p">10462</subfield>
    <subfield code="r">2019-12-04 00:00:00</subfield>
    <subfield code="w">2008-12-11</subfield>
    <subfield code="y">BK</subfield>
  </datafield>
  <datafield tag="952" ind1=" " ind2=" ">
    <subfield code="0">0</subfield>
    <subfield code="1">0</subfield>
    <subfield code="2">ddc</subfield>
    <subfield code="4">0</subfield>
    <subfield code="7">0</subfield>
    <subfield code="8">MCA</subfield>
    <subfield code="a">PIET</subfield>
    <subfield code="b">PIET</subfield>
    <subfield code="d">2008-12-19</subfield>
    <subfield code="e">J B C, New Delhi</subfield>
    <subfield code="g">250.00</subfield>
    <subfield code="k">SI-4643</subfield>
    <subfield code="l">4</subfield>
    <subfield code="o">621.395 MAD</subfield>
    <subfield code="p">10463</subfield>
    <subfield code="r">2024-10-11 00:00:00</subfield>
    <subfield code="s">2024-10-01</subfield>
    <subfield code="w">2008-12-11</subfield>
    <subfield code="y">BK</subfield>
  </datafield>
  <datafield tag="952" ind1=" " ind2=" ">
    <subfield code="0">0</subfield>
    <subfield code="1">0</subfield>
    <subfield code="2">ddc</subfield>
    <subfield code="4">0</subfield>
    <subfield code="7">0</subfield>
    <subfield code="8">MCA</subfield>
    <subfield code="a">PIET</subfield>
    <subfield code="b">PIET</subfield>
    <subfield code="d">2008-12-19</subfield>
    <subfield code="e">J B C, New Delhi</subfield>
    <subfield code="g">250.00</subfield>
    <subfield code="k">SI-4643</subfield>
    <subfield code="l">2</subfield>
    <subfield code="o">621.395 MAD</subfield>
    <subfield code="p">10464</subfield>
    <subfield code="r">2024-01-30 00:00:00</subfield>
    <subfield code="s">2024-01-08</subfield>
    <subfield code="w">2008-12-11</subfield>
    <subfield code="y">BK</subfield>
  </datafield>
  <datafield tag="952" ind1=" " ind2=" ">
    <subfield code="0">0</subfield>
    <subfield code="1">0</subfield>
    <subfield code="2">ddc</subfield>
    <subfield code="4">0</subfield>
    <subfield code="7">0</subfield>
    <subfield code="8">MCA</subfield>
    <subfield code="a">PIET</subfield>
    <subfield code="b">PIET</subfield>
    <subfield code="d">2008-12-19</subfield>
    <subfield code="e">J B C, New Delhi</subfield>
    <subfield code="g">250.00</subfield>
    <subfield code="k">SI-4643</subfield>
    <subfield code="l">2</subfield>
    <subfield code="o">621.395 MAD</subfield>
    <subfield code="p">10465</subfield>
    <subfield code="r">2024-10-10 00:00:00</subfield>
    <subfield code="s">2024-10-01</subfield>
    <subfield code="w">2008-12-11</subfield>
    <subfield code="y">BK</subfield>
  </datafield>
  <datafield tag="952" ind1=" " ind2=" ">
    <subfield code="0">0</subfield>
    <subfield code="1">0</subfield>
    <subfield code="2">ddc</subfield>
    <subfield code="4">0</subfield>
    <subfield code="7">0</subfield>
    <subfield code="8">MCA</subfield>
    <subfield code="a">PIET</subfield>
    <subfield code="b">PIET</subfield>
    <subfield code="d">2008-12-19</subfield>
    <subfield code="e">J B C, New Delhi</subfield>
    <subfield code="g">250.00</subfield>
    <subfield code="k">SI-4643</subfield>
    <subfield code="l">1</subfield>
    <subfield code="o">621.395 MAD</subfield>
    <subfield code="p">10466</subfield>
    <subfield code="r">2024-10-15 00:00:00</subfield>
    <subfield code="s">2024-10-01</subfield>
    <subfield code="w">2008-12-11</subfield>
    <subfield code="y">BK</subfield>
  </datafield>
  <datafield tag="952" ind1=" " ind2=" ">
    <subfield code="0">0</subfield>
    <subfield code="1">0</subfield>
    <subfield code="2">ddc</subfield>
    <subfield code="4">0</subfield>
    <subfield code="7">0</subfield>
    <subfield code="8">MCA</subfield>
    <subfield code="a">PIET</subfield>
    <subfield code="b">PIET</subfield>
    <subfield code="d">2008-12-19</subfield>
    <subfield code="e">J B C, New Delhi</subfield>
    <subfield code="g">250.00</subfield>
    <subfield code="k">SI-4643</subfield>
    <subfield code="l">5</subfield>
    <subfield code="o">621.395 MAD</subfield>
    <subfield code="p">10467</subfield>
    <subfield code="r">2024-11-21 00:00:00</subfield>
    <subfield code="s">2024-11-07</subfield>
    <subfield code="w">2008-12-11</subfield>
    <subfield code="y">BK</subfield>
  </datafield>
  <datafield tag="952" ind1=" " ind2=" ">
    <subfield code="0">0</subfield>
    <subfield code="1">0</subfield>
    <subfield code="2">ddc</subfield>
    <subfield code="4">0</subfield>
    <subfield code="7">0</subfield>
    <subfield code="8">MCA</subfield>
    <subfield code="a">PIET</subfield>
    <subfield code="b">PIET</subfield>
    <subfield code="d">2008-12-19</subfield>
    <subfield code="e">J B C, New Delhi</subfield>
    <subfield code="g">250.00</subfield>
    <subfield code="k">SI-4643</subfield>
    <subfield code="l">5</subfield>
    <subfield code="o">621.395 MAD</subfield>
    <subfield code="p">10468</subfield>
    <subfield code="r">2025-09-18 00:00:00</subfield>
    <subfield code="s">2025-09-04</subfield>
    <subfield code="w">2008-12-11</subfield>
    <subfield code="y">BK</subfield>
  </datafield>
  <datafield tag="952" ind1=" " ind2=" ">
    <subfield code="0">0</subfield>
    <subfield code="1">0</subfield>
    <subfield code="2">ddc</subfield>
    <subfield code="4">0</subfield>
    <subfield code="7">0</subfield>
    <subfield code="8">MCA</subfield>
    <subfield code="a">PIET</subfield>
    <subfield code="b">PIET</subfield>
    <subfield code="d">2008-12-19</subfield>
    <subfield code="e">J B C, New Delhi</subfield>
    <subfield code="g">250.00</subfield>
    <subfield code="k">SI-4643</subfield>
    <subfield code="l">1</subfield>
    <subfield code="o">621.395 MAD</subfield>
    <subfield code="p">10469</subfield>
    <subfield code="r">2024-02-01 00:00:00</subfield>
    <subfield code="s">2024-01-25</subfield>
    <subfield code="w">2008-12-11</subfield>
    <subfield code="y">BK</subfield>
  </datafield>
  <datafield tag="952" ind1=" " ind2=" ">
    <subfield code="0">0</subfield>
    <subfield code="1">0</subfield>
    <subfield code="2">ddc</subfield>
    <subfield code="4">0</subfield>
    <subfield code="7">0</subfield>
    <subfield code="8">MCA</subfield>
    <subfield code="a">PIET</subfield>
    <subfield code="b">PIET</subfield>
    <subfield code="d">2008-12-19</subfield>
    <subfield code="e">J B C, New Delhi</subfield>
    <subfield code="g">250.00</subfield>
    <subfield code="k">SI-4643</subfield>
    <subfield code="l">2</subfield>
    <subfield code="o">621.395 MAD</subfield>
    <subfield code="p">10470</subfield>
    <subfield code="r">2025-12-04 00:00:00</subfield>
    <subfield code="s">2025-11-19</subfield>
    <subfield code="w">2008-12-11</subfield>
    <subfield code="y">BK</subfield>
  </datafield>
  <datafield tag="952" ind1=" " ind2=" ">
    <subfield code="0">0</subfield>
    <subfield code="1">0</subfield>
    <subfield code="2">ddc</subfield>
    <subfield code="4">0</subfield>
    <subfield code="7">0</subfield>
    <subfield code="8">MCA</subfield>
    <subfield code="a">PIET</subfield>
    <subfield code="b">PIET</subfield>
    <subfield code="d">2008-12-19</subfield>
    <subfield code="e">J B C, New Delhi</subfield>
    <subfield code="g">250.00</subfield>
    <subfield code="k">SI-4643</subfield>
    <subfield code="l">0</subfield>
    <subfield code="o">621.395 MAD</subfield>
    <subfield code="p">10471</subfield>
    <subfield code="r">2019-12-04 00:00:00</subfield>
    <subfield code="w">2008-12-11</subfield>
    <subfield code="y">BK</subfield>
  </datafield>
</record>
